|
|
|
|
| LEADER |
00000nam0a2200000 4500 |
| 001 |
33808 |
| 005 |
20231101210205.0 |
| 035 |
|
|
|a (RuTPU)RU\TPU\book\34179
|
| 035 |
|
|
|a BOOK00000830
|
| 090 |
|
|
|a 33808
|
| 100 |
|
|
|a 20011210d1980 m y0rusy50 ca
|
| 101 |
0 |
|
|a rus
|
| 102 |
|
|
|a RU
|
| 105 |
|
|
|a y j 000zy
|
| 200 |
1 |
|
|a Автоматизация производственных процессов в черной металлургии
|e учебное пособие
|f Н. И. Иванов, Б. Н. Парсункин, В. М. Рябков
|
| 210 |
|
|
|a Москва
|c Металлургия
|d 1980
|
| 215 |
|
|
|a 303 с.
|
| 606 |
|
|
|a Черная металлургия
|x Автоматическое управление
|2 stltpush
|3 (RuTPU)RU\TPU\subj\18658
|9 44047
|
| 610 |
1 |
|
|a контрольно-измерительные приборы
|
| 610 |
1 |
|
|a черная металлургия
|
| 610 |
1 |
|
|a производственные процессы
|
| 610 |
1 |
|
|a автоматизация
|
| 610 |
1 |
|
|a учебные пособия
|
| 675 |
|
|
|a 669.1.012-52(075.8)
|v 3
|
| 700 |
|
1 |
|a Иванов
|b Н. И.
|g Николай Иванович
|
| 701 |
|
1 |
|a Парсункин
|b Б. Н.
|g Борис Николаевич
|
| 701 |
|
1 |
|a Рябков
|b В. М.
|g Василий Макарович
|
| 801 |
|
0 |
|a RU
|b 63413507
|c 20011210
|g PSBO
|
| 801 |
|
2 |
|a RU
|b 63413507
|c 20180326
|g PSBO
|
| 900 |
|
|
|a Автоматизация металлургических процессов
|
| 900 |
|
|
|a Контрольно-измерительные приборы и автоматика
|
| 942 |
|
|
|c BK
|